The Economic and Financial Situation in Belgium (Record no. 5880)
[ view plain ]
| 000 -LEADER | |
|---|---|
| fixed length control field | 00593nam a22002057i 4500 |
| 001 - CONTROL NUMBER | |
| control field | 6273 |
| 003 - CONTROL NUMBER IDENTIFIER | |
| control field | OSt |
| 005 - DATE AND TIME OF LATEST TRANSACTION | |
| control field | 20181025131709.0 |
| 007 - PHYSICAL DESCRIPTION FIXED FIELD--GENERAL INFORMATION | |
| fixed length control field | tu |
| 008 - FIXED-LENGTH DATA ELEMENTS--GENERAL INFORMATION | |
| fixed length control field | 161220s1993 xxu||||| |||| 00| 0 eng d |
| 024 7# - OTHER STANDARD IDENTIFIER | |
| Standard number or code | 6273 |
| Source of number or code | RID |
| 024 7# - OTHER STANDARD IDENTIFIER | |
| Standard number or code | 6273 |
| Source of number or code | RSN (alt) |
| 040 ## - CATALOGING SOURCE | |
| Transcribing agency | OSt |
| 041 ## - LANGUAGE CODE | |
| Language code of text/sound track or separate title | eng |
| 110 2# - MAIN ENTRY--CORPORATE NAME | |
| Corporate name or jurisdiction name as entry element | Commission of the European Communities - Directorate-General for Economic and Financial Affairs |
| 245 00 - TITLE STATEMENT | |
| Title | The Economic and Financial Situation in Belgium |
| 260 ## - PUBLICATION, DISTRIBUTION, ETC. | |
| Place of publication, distribution, etc. | Brussels : |
| Name of publisher, distributor, etc. | ECSC-EEC-EAEC, |
| Date of publication, distribution, etc. | 1993. |
| 490 ## - SERIES STATEMENT | |
| Series statement | European Economy. Reports and Studies |
| Volume/sequential designation | 4 |
| International Standard Serial Number | 0379-0991 |
| 942 ## - ADDED ENTRY ELEMENTS (KOHA) | |
| Koha item type | Paper |
| Withdrawn status | Lost status | Damaged status | Not for loan | Home library | Current library | Shelving location | Date acquired | Inventory number | Total Checkouts | Barcode | Date last seen | Price effective from | Koha item type |
|---|---|---|---|---|---|---|---|---|---|---|---|---|---|
| WIIW | WIIW | Library | 08/04/2004 | 6273 | 10001764 | 01/26/2017 | 01/26/2017 | Paper |
